BUBT Library Online Catalog

Advertising and promotion : an integrated marketing communications perspective / (Record no. 7109)

000 -LEADER
fixed length control field 00979nam a2200265Ia 4500
003 - CONTROL NUMBER IDENTIFIER
control field BUBTL
008 - FIXED-LENGTH DATA ELEMENTS--GENERAL INFORMATION
fixed length control field 151213s9999 xx 000 0 und d
020 ## - INTERNATIONAL STANDARD BOOK NUMBER
International Standard Book Number 9789354600807
041 ## - LANGUAGE CODE
Language code of text/sound track or separate title eng
082 ## - DEWEY DECIMAL CLASSIFICATION NUMBER
Classification number 659.1/ B4106a/ 2022
100 ## - MAIN ENTRY--PERSONAL NAME
Personal name Belch, George E.
9 (RLIN) 5509
245 ## - TITLE STATEMENT
Title Advertising and promotion : an integrated marketing communications perspective /
Statement of responsibility, etc. George E.Belch, Michael A. Belch, Keyoor Purani
250 ## - EDITION STATEMENT
Edition statement 12th ed.
260 ## - PUBLICATION, DISTRIBUTION, ETC. (IMPRINT)
Place of publication, distribution, etc. New York :
Name of publisher, distributor, etc. McGraw Hill Education Private Limited,
Date of publication, distribution, etc. c2022.
300 ## - PHYSICAL DESCRIPTION
Extent xxxi, 712 p . :
Other physical details ills. ;
Dimensions 28 cm.
500 ## - GENERAL NOTE
General note Includes Index .
505 ## - FORMATTED CONTENTS NOTE
Formatted contents note Advertising and promotion, an integrated marketing communications perspective, George E.Belch, Michael A. Belch, Keyoor Purani <br/>marketing
526 ## - STUDY PROGRAM INFORMATION NOTE
Program name marketing
650 ## - SUBJECT ADDED ENTRY--TOPICAL TERM
Topical term or geographic name as entry element Marketing
9 (RLIN) 2495
700 ## - ADDED ENTRY--PERSONAL NAME
Personal name Belch, Michael A.
9 (RLIN) 208
700 ## - ADDED ENTRY--PERSONAL NAME
Personal name Purani, Keyoor
9 (RLIN) 2494
856 ## - ELECTRONIC LOCATION AND ACCESS
Password 0
Logon 0
Link text Download
942 ## - ADDED ENTRY ELEMENTS (KOHA)
Source of classification or shelving scheme
Koha item type Books
Holdings
Withdrawn status Lost status Source of classification or shelving scheme Damaged status Not for loan Collection code Permanent location Current location Shelving location Date acquired Source of acquisition Inventory number Total Checkouts Full call number Barcode Date last seen Copy number Price effective from Koha item type
        Not For Loan Non-fiction Bangladesh University of Business and Technology Library Bangladesh University of Business and Technology Library Marketing Stacks 09/26/2023 Purchase 29726   659.1/ B4106a/ 2022 BUBTL-200329726 10/08/2023 C-1 10/08/2023 Books
        Not For Loan Non-fiction Bangladesh University of Business and Technology Library Bangladesh University of Business and Technology Library Marketing Stacks 09/26/2023 Purchase 29727   659.1/ B4106a/ 2022 BUBTL-200329727 10/08/2023 C-2 10/08/2023 Books

More Information About Library

Library Hours

  • Open: 9.00 am. to 9.00 pm.
  • Only Sunday: 9.00 am. to 6.00 pm.
  • Closed: Holiday

Contact to the University

Bangladesh University of Business and Technology Library

  • Mirpurl-2, 1216.
  • Phone:
  • Fax:
  • E-Mail: admin.library@bubt.edu.bd

Contact to the Library

Contact Person:

Md. Abdul Hakim Shah
Joint Librarian
PABX No:  113
Cell No: 01816332931
E-mail: official: admin.library@bubt.edu.bd
Personal: hakim.shah@bubt.edu.bd


BUBT Library

Copyright © 2021